000 00890nam a22002535i 4500
001 168840
003 ES-MaACL
005 20230906213916.0
008 080613s1984 fr |||| | fre d
020 _a2-02-009628-5
080 _a343.819.5(4)"1933/45"
100 1 _aKogon, Eugen.
_968470
245 1 4 _aLes chambres à gaz secret d'etat /
_cEugen Kogon, Hermann Langbein, Adalbert Rückerl ; traduit de l'allemand par Henry Rollet.
260 _a[Paris] :
_bEditions de Minuit,
_c[1984]
300 _a313 p. ;
_c18 cm.
490 1 _aPoints
650 1 4 _aGuerra mundial, 1939-1945-
_xCampos de concentración.
_913235
700 1 _aLangbein, Hermann.
_9137962
700 1 _aRückerl, Adalbert.
_9137963
700 1 _aRollet, Henry.
_9137964
830 0 _aPoints
_9184077
852 _aES-MaACL
_jE-12179
_9R.190426
_z.- Biblioteca Jacinto Martínez Lacalle
999 _c168840
_d168840